Jadrová vojna : Jeden z možných scenárov /

Saved in:
Bibliographic Details
Main Author: Jacobsen, Annie (Author)
Format: Book
Language:Slovak
Published: Bratislava : N Press, s. r. o., 2025
Edition:1. vydanie
Tags: Add Tag
No Tags, Be the first to tag this record!

MARC

LEADER 00000nam a22000003a 4500
001 0119121
003 SK-STU
005 20251218103717.3
007 ta
008 251218s ----xo-----e------000-0-----d
020 |a 978-80-8230-349-3 
040 |a STU  |b slo 
041 0 |a slo 
044 |a xo 
080 |a 53.25 
100 1 |a Jacobsen, Annie  |4 aut  |r Z6 
245 1 0 |a Jadrová vojna :  |b Jeden z možných scenárov /  |c aut. Annie Jacobsen 
250 |a 1. vydanie 
260 |a Bratislava :  |b N Press, s. r. o.,  |c 2025 
300 |a 373 s. 
996 |b 284EK91149  |c E* 91149  |l EE01  |s A  |a 24  |w 0119121_0001